Moderné programovacie jazyky zborník prednášok celoštátneho seminára Tatranská Lomnica, 1984

Bibliographic Details
Format: Book
Language:Slovak
PhysicalDescription:86 s. 20 cm
Published: Žilina Dom techniky ČSVTS 1984
Subjects:

MARC

LEADER 00000nam a2200000 a 4500
001 vtls001412846
003 SK-MaSNL
005 20260302035115.0
008 250313s1984 xo a r slo
020 |c b.c. 
035 |a SNK000367567 
035 |a urn:nbn:sk:snk-amkmsf 
035 |a urn:nbn:sk:snk-am003piq 
035 |a 6979F22D-1558-443C-8CC0-99149A3807B3 
040 |a SNK  |b slo  |c SNK  |e AACR2 
041 0 |a slo 
044 |a xo  |c SK 
080 |a 519.68(082)  |2 1981 
245 0 0 |a Moderné programovacie jazyky  |b zborník prednášok celoštátneho seminára Tatranská Lomnica, 1984 
260 |a Žilina  |b Dom techniky ČSVTS  |c 1984 
300 |a 86 s.  |c 20 cm 
500 |a Na obale názov: Moderné programovacie prostriedky 
650 0 7 |a jazyky programovacie  |x počítače  |x zborníky  |2 SNK  |9 687546 
852 |a Slovenská národná knižnica 
958 |a OND 
999 |c 1069271  |d 1071201 
952 |t P60, <03>, [BOOK], {603}  |a SNK  |b SNK  |y PREZ  |7 0  |p 17A0300258  |o snkSC 104804  |i snkD 576/2001  |0 0  |1 0  |4 0  |d 2001-05-09  |f 1  |l 0  |r 2025-09-25 00:00:00  |w 2026-02-24 
952 |t P60, <04>, [BOOK], {604}  |a SNK  |b SNK  |y VYP  |7 0  |p 17A0300259  |o snkSC 104804 D1  |i snkD 577/2001  |0 0  |1 0  |4 0  |d 2001-05-09  |l 0  |r 2005-01-02 00:00:00  |w 2026-02-24